<?xml version="1.0" encoding="UTF-8"?><?xml-stylesheet type="text/xsl" href="static/style.xsl"?><OAI-PMH xmlns="http://www.openarchives.org/OAI/2.0/" xmlns:xsi="http://www.w3.org/2001/XMLSchema-instance" xsi:schemaLocation="http://www.openarchives.org/OAI/2.0/ http://www.openarchives.org/OAI/2.0/OAI-PMH.xsd"><responseDate>2026-04-18T06:21:05Z</responseDate><request verb="GetRecord" identifier="oai:www.recercat.cat:2072/484984" metadataPrefix="marc">https://recercat.cat/oai/request</request><GetRecord><record><header><identifier>oai:recercat.cat:2072/484984</identifier><datestamp>2025-08-31T18:14:14Z</datestamp><setSpec>com_2072_98</setSpec><setSpec>col_2072_378192</setSpec></header><metadata><record xmlns="http://www.loc.gov/MARC21/slim" xmlns:dcterms="http://purl.org/dc/terms/" xmlns:xsi="http://www.w3.org/2001/XMLSchema-instance" xmlns:doc="http://www.lyncode.com/xoai" xsi:schemaLocation="http://www.loc.gov/MARC21/slim http://www.loc.gov/standards/marcxml/schema/MARC21slim.xsd">
   <leader>00925njm 22002777a 4500</leader>
   <datafield ind2=" " ind1=" " tag="042">
      <subfield code="a">dc</subfield>
   </datafield>
   <datafield ind2=" " ind1=" " tag="720">
      <subfield code="a">Cremades Chueca, Oriol</subfield>
      <subfield code="e">author</subfield>
   </datafield>
   <datafield ind2=" " ind1=" " tag="260">
      <subfield code="c">2016</subfield>
   </datafield>
   <datafield ind2=" " ind1=" " tag="520">
      <subfield code="a">Este artículo analiza críticamente la sentencia del Tribunal Supremo de 23 de septiembre de 2015 en relación con las consecuencias jurídicas derivadas de la finalización de la ultraactividad de un convenio colectivo cuando existe uno de ámbito superior que es de aplicación, pero que, sin embargo, no regula todas las materias que el anterior hacía. Siguiendo la tesis de la contractualización ab origine de las condiciones convencionales, descrita en su importante sentencia de 22 de diciembre de 2014, el Tribunal Supremo declara que las condiciones de trabajo establecidas en el convenio colectivo que ha perdido su vigencia son aplicables como condiciones contractuales ab origine, salvo aquellas reguladas en el convenio colectivo de ámbito superior de aplicación.</subfield>
   </datafield>
   <datafield ind2=" " ind1=" " tag="520">
      <subfield code="a">This article critically analyses the decision of the Spanish Supreme Court of September 23rd, 2015 concerning the legal consequences of the termination of the extended validity of a collective bargaining agreement when there exists one with a wider scope, but it does not regulate all the aspects of the previous one. Following the thesis of the ab origine contractualization of collective bargaining conditions, expressed in its relevant judgment of December 22nd, 2014, it is declared that working conditions established in the terminated collective bargaining agreement are applicable as ab origine contractual conditions, except for the ones regulated in the applicable collective bargaining agreement with a wider scope.</subfield>
   </datafield>
   <datafield ind1="8" ind2=" " tag="024">
      <subfield code="a">http://hdl.handle.net/2072/484984</subfield>
   </datafield>
   <datafield tag="653" ind2=" " ind1=" ">
      <subfield code="a">Derecho laboral</subfield>
   </datafield>
   <datafield tag="653" ind2=" " ind1=" ">
      <subfield code="a">Convenio colectivo</subfield>
   </datafield>
   <datafield tag="653" ind2=" " ind1=" ">
      <subfield code="a">España</subfield>
   </datafield>
   <datafield tag="653" ind2=" " ind1=" ">
      <subfield code="a">Ultraactividad</subfield>
   </datafield>
   <datafield tag="653" ind2=" " ind1=" ">
      <subfield code="a">Negociación colectiva</subfield>
   </datafield>
   <datafield tag="653" ind2=" " ind1=" ">
      <subfield code="a">Contractualización</subfield>
   </datafield>
   <datafield tag="653" ind2=" " ind1=" ">
      <subfield code="a">Condiciones de trabajo</subfield>
   </datafield>
   <datafield tag="653" ind2=" " ind1=" ">
      <subfield code="a">Trabajo</subfield>
   </datafield>
   <datafield tag="653" ind2=" " ind1=" ">
      <subfield code="a">Working conditions</subfield>
   </datafield>
   <datafield tag="653" ind2=" " ind1=" ">
      <subfield code="a">Contractualization</subfield>
   </datafield>
   <datafield tag="653" ind2=" " ind1=" ">
      <subfield code="a">Egal nature of statutory collective agreement</subfield>
   </datafield>
   <datafield tag="653" ind2=" " ind1=" ">
      <subfield code="a">Extended validity of collective bargaining agreement</subfield>
   </datafield>
   <datafield tag="653" ind2=" " ind1=" ">
      <subfield code="a">SDG 8 - Decent Work and Economic Growth</subfield>
   </datafield>
   <datafield ind2="0" ind1="0" tag="245">
      <subfield code="a">La contractualización ab origine de las condiciones convencionales y la aplicación del convenio colectivo de ámbito superior : a propósito de la sentencia del Tribunal Supremo de 23 de septiembre de 2015</subfield>
   </datafield>
</record></metadata></record></GetRecord></OAI-PMH>